000 00480nam a2200181Ia 4500
001 20376
005 20260306172801.0
008 260306t2002||||xx |||||||||||||| ||spa||
041 _aESP
082 _a343.2C12
_bO41
100 _aOlaechea Du Bois, Manuel Pablo, 1916-
_eAUT
245 0 _a¿La constitución de 1979?:
_b¿Se quiere acabar con el Perú?
260 _c2002
300 _a228 páginas :
_c23 cm.
650 _aGEN
654 _aCDE
942 _cLIB
_dJUS
_fJUS
_2ddc
_n
999 _c20376
_d20376